| 000 | 00537nam a2200157 4500 | ||
|---|---|---|---|
| 001 | 131073 | ||
| 003 | ES-MaACL | ||
| 005 | 20230906193917.0 | ||
| 007 | t| | ||
| 008 | 070214s1933 pn r ||||1| spa d | ||
| 245 | 0 | 0 |
_aInvestigación económica de la República de Panamá / _cllevada a cabo a petición del gobierno de Panamá bajo la dirección de George E. Roberts. |
| 260 |
_aPanamá : _b[s. n.], _c1933 ( _fImp. Nacional) |
||
| 300 |
_a495, XXIV p. ; _c26 cm. |
||
| 700 | 1 |
_aRoberts, George E. _997831 |
|
| 852 |
_aES-MaACL _jA-3377 |
||
| 999 |
_c131073 _d131073 |
||